Giáo trình lịch sử triết học Sự hình thành và phát triển triết học Mác giai đoạn C.Mác, Ph.Ăngghen và V.I.Lênin

Shranjeno v:
Bibliografske podrobnosti
Glavni avtor: Phạm, Văn Chung
Drugi avtorji: Bùi, Thị Tỉnh, Lê, Duy Hoa, Nguyễn, Mai Hồng, Nguyễn. Thị Thường, Trần Đăng Sinh (Chủ biên), Vũ, Thị Kim Dung
Format: Knjiga
Izdano: Hà Nội Chính trị quốc gia 2013
Teme:
Oznake: Označite
Brez oznak, prvi označite!
Thư viện lưu trữ: Trung tâm Học liệu Lê Vũ Hùng, Trường Đại học Đồng Tháp
LEADER 01311pam a22003978a 4500
001 00040105
005 20171026081025.0
008 171018s2013 ||||||Viesd
041 0 # |a Vie 
082 1 4 |a 335.4  |b GI108TR 
100 1 # |a Phạm, Văn Chung 
245 1 0 |a Giáo trình lịch sử triết học  |c Phạm Văn Chung  |b Sự hình thành và phát triển triết học Mác giai đoạn C.Mác, Ph.Ăngghen và V.I.Lênin 
260 # # |a Hà Nội  |b Chính trị quốc gia  |c 2013 
300 # # |a 572 tr.  |c 28 cm. 
653 # # |a Triêt học 
653 # # |a Lịch sử 
653 # # |a Giáo trình 
653 # # |a Chính trị 
653 # # |a Triết học Mác-Lênin 
700 1 # |a Bùi, Thị Tỉnh 
700 1 # |a Lê, Duy Hoa 
700 1 # |a Nguyễn, Mai Hồng 
700 1 # |a Nguyễn. Thị Thường 
700 1 # |a Trần Đăng Sinh  |e Chủ biên 
700 1 # |a Vũ, Thị Kim Dung 
852 # # |b Kho mượn  |j KM.0019161, KM.0019162, KM.0019157, KM.0019158 
852 # # |b Kho đọc  |j KD.0018624, KD.0018623, KD.0022637 
852 # # |j KD.0022637 
910 |d 18/10/2017 
980 # # |a Trung tâm Học liệu Lê Vũ Hùng, Trường Đại học Đồng Tháp